000 00427nam a2200181Ia 4500
001 25106
005 20260414151128.0
008 260414t2010||||xx |||||||||||||| ||spa||
041 _aESP
082 _a346.2
_bL13
100 _aLacruz Berdejo, José Luis
_eAUT
245 0 _aElementos de derecho civil :
_bfamilia
260 _c2010
300 _a
_c24 cm.
650 _aDER
654 _aCDE
942 _cLIB
_dJUS
_fJUS
_2ddc
_n
999 _c25106
_d25106